| 000 | 01105nam a22003017a 4500 | ||
|---|---|---|---|
| 005 | 20080929101452.0 | ||
| 008 | 080929t xxu||||| |||| 00| 0chin d | ||
| 010 | _aHIN-92155 | ||
| 020 |
_a9788177112597 _c125.00 |
||
| 035 | _aHN-64501 | ||
| 037 | _bDBAD / PUB | ||
| 040 |
_aDPL _bHN |
||
| 082 | _a233 | ||
| 100 |
_926640 _aमधु, प्रमोद |
||
| 245 |
_aभक्ति-सरोवर / _cमधु प्रमोद |
||
| 246 |
_aBhakti-Sarover _bby Madhu Parmod |
||
| 260 |
_aजयपुर _bसाहित्यागार _c2011 |
||
| 270 |
_a958, धामाणी मार्केट की गली, चौडां रास्ता, _bजयपुर |
||
| 300 |
_a100पृ. _c22सेमी (सजिल्द) |
||
| 650 | _9697 | ||
| 650 | _926793 | ||
| 650 | _926674 | ||
| 650 | _9698 | ||
| 700 | _926643 | ||
| 710 | _926662 | ||
| 942 |
_2ddc _cHN _h233 _mमधुप्र |
||
| 999 |
_c51247 _d51247 |
||